| 000 | 01115nmm a2200289 a 4500 | ||
|---|---|---|---|
| 001 | ocm000713109 | ||
| 003 | TR-IsHL | ||
| 005 | 20201028153643.0 | ||
| 008 | 140402s2007 tu ger | ||
| 007 | cr cn | ||
| 020 | _a9789754827620 | ||
| 035 |
_a713109 _b(N$T) |
||
| 050 | 0 | 4 |
_aKKX494 _b.S57 2007 |
| 090 | 0 | 4 |
_aKKX494 _b.S57 2007 |
| 100 | 1 | _aSirmen, A. Lale | |
| 245 | 1 | 0 |
_aSymposium; anlasslich des 80. Jahrestages des ınkrafttretens des Türkischen zivilgesetzbuch = _bTürk Medeni Kanunu'nun yürürlüğe girişinin 80. Yılı münasebetiyle düzenlenen sempozyum _h[electronic resource] / _cA. Lale Sirmen ; Çiğdem Kırca, Vedat Buz |
| 260 |
_aAnkara : _bAnkara Üniversitesi Hukuk Fakültesi, _c2007 |
||
| 300 | _a116 p. | ||
| 650 | 4 | _aHukuk | |
| 650 | 4 | _aLaw | |
| 650 | 0 |
_aMedeni usul hukuku _x Türkiye _x Toplantılar |
|
| 650 | 0 |
_aCivil procedure law _x Turkey _x Meetings |
|
| 650 | 7 |
_aLAW / Civil Procedure _2bisacsh |
|
| 700 | 1 | _aKırca, Çiğdem | |
| 700 | 1 | _aBuz, Vedat | |
| 856 | 4 | 0 | _uhttp://search.ebscohost.com/login.aspx?direct=true&scope=site&db=e011xww&AN=713109 |
| 999 |
_c12161 _d12161 |
||